<?xml version="1.0" encoding="UTF-8"?>
<record
    xmlns:xsi="http://www.w3.org/2001/XMLSchema-instance"
    xsi:schemaLocation="http://www.loc.gov/MARC21/slim http://www.loc.gov/standards/marcxml/schema/MARC21slim.xsd"
    xmlns="http://www.loc.gov/MARC21/slim">

  <leader>00757nam a22001817a 4500</leader>
  <datafield tag="999" ind1=" " ind2=" ">
    <subfield code="c">192794</subfield>
    <subfield code="d">192794</subfield>
  </datafield>
  <controlfield tag="005">20221010104317.0</controlfield>
  <datafield tag="010" ind1=" " ind2=" ">
    <subfield code="a">RP  B-745770</subfield>
  </datafield>
  <datafield tag="020" ind1=" " ind2=" ">
    <subfield code="c">299.00</subfield>
    <subfield code="a">9788194967477</subfield>
  </datafield>
  <datafield tag="035" ind1=" " ind2=" ">
    <subfield code="a">B-745770</subfield>
  </datafield>
  <datafield tag="037" ind1=" " ind2=" ">
    <subfield code="b">YogiImpression</subfield>
  </datafield>
  <datafield tag="100" ind1=" " ind2=" ">
    <subfield code="a">Chopra, Deepak</subfield>
  </datafield>
  <datafield tag="245" ind1=" " ind2=" ">
    <subfield code="a">The Seven Spiritual Laws of Success:</subfield>
    <subfield code="b">Deepak Chopra</subfield>
    <subfield code="c">a practical guide to the fulfillment of your dreams/</subfield>
  </datafield>
  <datafield tag="260" ind1=" " ind2=" ">
    <subfield code="a">Mumbai</subfield>
    <subfield code="b">YogiImpression</subfield>
    <subfield code="c">2022</subfield>
  </datafield>
  <datafield tag="270" ind1=" " ind2=" ">
    <subfield code="a">1711, Centre 1, World Trade Centre, Cuffe Parade,</subfield>
    <subfield code="b">Mumbai</subfield>
    <subfield code="e">400005</subfield>
  </datafield>
  <datafield tag="300" ind1=" " ind2=" ">
    <subfield code="a">115p.</subfield>
    <subfield code="c">19cm(hbk)</subfield>
  </datafield>
  <datafield tag="942" ind1=" " ind2=" ">
    <subfield code="2">ddc</subfield>
    <subfield code="c">EN</subfield>
    <subfield code="m">CHO</subfield>
    <subfield code="h">650.1</subfield>
  </datafield>
  <datafield tag="952" ind1=" " ind2=" ">
    <subfield code="0">0</subfield>
    <subfield code="1">0</subfield>
    <subfield code="4">0</subfield>
    <subfield code="7">0</subfield>
    <subfield code="8">NFIC</subfield>
    <subfield code="a">KGM</subfield>
    <subfield code="b">KGM</subfield>
    <subfield code="d">2022-10-10</subfield>
    <subfield code="e">Aksharesh Enterprises/RP/095/20.09.22/92/01.9.22/23.9.22</subfield>
    <subfield code="g">299.00</subfield>
    <subfield code="l">2</subfield>
    <subfield code="m">2</subfield>
    <subfield code="o">650.1 CHO</subfield>
    <subfield code="p">B-745770</subfield>
    <subfield code="r">2023-11-16 00:00:00</subfield>
    <subfield code="s">2023-11-08</subfield>
    <subfield code="t">1</subfield>
    <subfield code="v">299.00</subfield>
    <subfield code="w">2022-10-10</subfield>
    <subfield code="y">EN</subfield>
  </datafield>
</record>
